Hodnotenie konkurencieschopnosti ekonomiky SR prostredníctvom ukazovateľa Trade in Value Added diplomová práca

Na minha lista:
Detalhes bibliográficos
Autor principal: Vargová, Lenka
Autor Corporativo: Obchodná fakulta EU. Katedra medzinárodného obchodu
Outros Autores: Zábojník, Stanislav, 1984-
Formato: Livro
Idioma:eslovaco
Publicado em: Bratislava 2019
Tags: Adicionar Tag
Sem tags, seja o primeiro a adicionar uma tag!

MARC

LEADER 00000nbm a2200000 4500
001 0254087
005 20191004140147.8
041 0 |a slo 
044 |a SK 
245 1 0 |a Hodnotenie konkurencieschopnosti ekonomiky SR prostredníctvom ukazovateľa Trade in Value Added  |b diplomová práca  |c Lenka Vargová ; školiteľ: Stanislav Zábojník 
264 1 |a Bratislava  |c 2019 
300 |a 90 s. 
100 1 |a Vargová, Lenka 
700 1 |a Zábojník, Stanislav, 1984- 
710 2 |a Obchodná fakulta EU. Katedra medzinárodného obchodu